| 000 | 00686nam a2200181Ia 4500 | ||
|---|---|---|---|
| 005 | 20260429112247.0 | ||
| 008 | 260429s9999||||xx |||||||||||||| ||und|| | ||
| 020 | _a9789394902794 | ||
| 041 | _aHindi | ||
| 082 |
_a954 _bGUP |
||
| 100 | _aगुप्ता, रुपा | ||
| 245 | 0 |
_aउन्नीसवीं सदी का औपनिवेशिक भारत : _bनवजागरण और डाति प्रश्न / _cरुपा गुप्ता |
|
| 250 | _a1st ed. | ||
| 260 |
_aनई दिल्ली : _bराजकमल प्रकाशन, _c2022. |
||
| 300 | _a455 p.; Hb | ||
| 650 | _aभारत का इतिहास | ||
| 942 | _cTB | ||
| 999 |
_c53184 _d53184 |
||